00420pab a2200133 454500008004000000100002500040245011800065260000900183300001500192362000800207650002100215700002000236773003000256180718b2010 xxu||||| |||| 00| 0 eng d aLawless, Christopher aHelping with inquiries or helping with profits? The trials and tribulations of a technology of forensic reasoning c2010 ap.731-755. aOct aForensic science aWilliams, Robin aSocial Studies of Science